[Event "Groninger Combinatie op"]
[Site "Groningen"]
[Date "2022.05.28"]
[Round "4"]
[White "De Groot, Hendrik"]
[Black "Maatman, Nick"]
[Result "0-1"]
[WhiteElo "2129"]
[BlackElo "2363"]
[PlyCount "68"]
[EventDate "2022.05.26"]
[EventType "swiss"]
[EventRounds "7"]
[EventCountry "NED"]
[SourceTitle "CBM 208 Extra"]
[Source "ChessBase"]
[SourceDate "2022.07.31"]
[SourceVersion "1"]
[SourceVersionDate "2022.07.31"]
[SourceQuality "1"]

1. Nf3 Nf6 2. d3 d5 3. g3 b6 4. Bg2 Bb7 5. c4 dxc4 6. Qa4+ Nbd7 7. Qxc4 e6 8. 0-0 Bd6 9. Nc3 a6 10. a4 0-0 11. Bg5 h6 12. Bxf6 Nxf6 13. e4 Rc8 14. Rfe1 Nd7 15. d4 c6 16. e5 Be7 17. Rad1 b5 18. Qb3 Qb6 19. Rd2 b4 20. Nd1 c5 21. Ne3 Bxf3 22. Bxf3 cxd4 23. Nc4 Qc5 24. Rc2 Qa7 25. Na5 Nc5 26. Qc4 d3 27. Rd2 Qb6 28. Nb3 Bg5 29. Rdd1 Nxa4 30. Qxd3 Nxb2 31. Qd6 Qxd6 32. Rxd6 Rc3 33. Nd4 Be7 34. Rc6 Bc5 0-1

[Event "Groningen Combinatie op"]
[Site "Groningen"]
[Date "2018.05.13"]
[Round "7"]
[White "Seijen, Henk G"]
[Black "De Groot, Hendrik"]
[Result "1/2-1/2"]
[WhiteElo "1806"]
[BlackElo "2140"]
[PlyCount "102"]
[EventDate "2018.05.10"]
[EventType "swiss"]
[EventRounds "7"]
[EventCountry "NED"]
[SourceTitle "CBM 184 Extra"]
[Source "ChessBase"]
[SourceDate "2018.06.28"]
[SourceVersion "1"]
[SourceVersionDate "2018.06.28"]
[SourceQuality "1"]

1. e4 d6 2. d4 Nf6 3. Nc3 g6 4. Be3 Bg7 5. f3 0-0 6. Qd2 e5 7. dxe5 dxe5 8. 0-0-0 Qxd2+ 9. Rxd2 Be6 10. Bb5 Nbd7 11. Nge2 c6 12. Ba4 Nb6 13. Bb3 Nc4 14. Bxc4 Bxc4 15. Rhd1 b5 16. Kb1 a5 17. Nc1 Rfc8 18. Nd3 Nd7 19. Nc5 Nxc5 20. Bxc5 Be6 21. Be7 f6 22. Rd8+ Kf7 23. Rxc8 Rxc8 24. Bc5 a4 25. a3 h5 26. Na2 Rc7 27. Nb4 Rd7 28. Rxd7+ Bxd7 29. Kc1 Bh6+ 30. Kd1 Ke8 31. Ke2 Be6 32. b3 axb3 33. cxb3 Kd7 34. a4 Bxb3 35. a5 Bc4+ 36. Kd1 Kc7 37. a6 Be6 38. a7 Kb7 39. Nxc6 Bd7 40. Nb4 f5 41. Nd5 Bc6 42. Ne7 Bf8 43. Nxc6 Bxc5 44. Nxe5 fxe4 45. fxe4 g5 46. Nd3 Bxa7 47. Kc2 Kc6 48. Kb3 Bb8 49. h3 Bd6 50. g4 hxg4 51. hxg4 Be7 1/2-1/2

[Event "NED-chT 1718"]
[Site "Netherlands"]
[Date "2018.02.03"]
[Round "6.9"]
[White "De Groot, Hendrik"]
[Black "Kossen, Johannes"]
[Result "0-1"]
[WhiteElo "2140"]
[BlackElo "1975"]
[PlyCount "100"]
[EventDate "2017.09.16"]
[EventType "team-tourn"]
[EventRounds "9"]
[EventCountry "NED"]
[SourceTitle "EXT 2019"]
[Source "ChessBase"]
[SourceDate "2018.10.10"]
[SourceVersion "1"]
[SourceVersionDate "2018.10.10"]
[SourceQuality "1"]
[WhiteTeam "SISSA"]
[BlackTeam "En Passant"]
[WhiteTeamCountry "NED"]
[BlackTeamCountry "NED"]

1. Nf3 d5 2. c4 c6 3. g3 Nf6 4. Bg2 g6 5. 0-0 Bg7 6. b3 Ne4 7. d4 Nd7 8. Bb2 0-0 9. Nfd2 Nxd2 10. Nxd2 Nf6 11. a4 Bf5 12. f3 Re8 13. e4 dxe4 14. fxe4 Bg4 15. Qc2 e5 16. dxe5 Nd7 17. e6 Bxe6 18. Bxg7 Kxg7 19. Qc3+ Kg8 20. Rf2 Qc7 21. Nf3 Bg4 22. Raf1 Bxf3 23. Rxf3 Ne5 24. Rf4 Rad8 25. c5 Rd3 26. Qc2 Qd7 27. R4f2 Qd4 28. Kh1 Re7 29. Rf6 Rc3 30. Rd6 Rxc2 31. Rxd4 Rxc5 32. b4 Rc2 33. Bf3 Nxf3 34. Rxf3 Re2 35. Rf4 g5 36. Rf5 h6 37. b5 R7xe4 38. Rxe4 Rxe4 39. bxc6 bxc6 40. Ra5 Re7 41. Kg2 Kf8 42. Kf3 Rc7 43. Rc5 Ke7 44. Ke3 Kd6 45. Rf5 Ke6 46. Ra5 f6 47. Kd4 c5+ 48. Kc4 h5 49. h3 Ke5 50. Ra6 h4 0-1

[Event "Groningen Vierkampen 1"]
[Site "Groningen"]
[Date "2015.12.23"]
[Round "3"]
[White "Wissmann, Dolf"]
[Black "De Groot, Hendrik"]
[Result "1-0"]
[WhiteElo "2040"]
[BlackElo "2153"]
[PlyCount "75"]
[EventDate "2015.12.21"]
[EventType "tourn"]
[EventRounds "3"]
[EventCountry "NED"]
[SourceTitle "EXT 2017"]
[Source "ChessBase"]
[SourceDate "2016.10.25"]
[SourceVersion "1"]
[SourceVersionDate "2016.10.25"]
[SourceQuality "1"]

1. e4 d6 2. d4 Nf6 3. Nc3 g6 4. Be3 a6 5. f3 b5 6. g4 Bb7 7. g5 Nh5 8. Qd2 Bg7 9. Nge2 Nd7 10. Ng3 Nxg3 11. hxg3 c5 12. dxc5 dxc5 13. 0-0-0 Bc6 14. Bh3 e6 15. Qd6 Ne5 16. Qxc5 Bd7 17. f4 Nc4 18. e5 Rc8 19. Qa7 Qc7 20. Rh2 Qxa7 21. Bxa7 h6 22. Bg2 hxg5 23. Rxh8+ Bxh8 24. Ne4 Rc7 25. Bc5 gxf4 26. gxf4 Nxe5 27. fxe5 Bxe5 28. b4 Bc6 29. Rh1 Bxe4 30. Bxe4 f5 31. Bd3 Rg7 32. Rh8+ Kd7 33. Ra8 Kc6 34. Rxa6+ Kd5 35. Bxb5 Rh7 36. Bc6+ Kc4 37. Bf3 Kb5 38. Be2# 1-0

[Event "Groningen op 52nd"]
[Site "Groningen"]
[Date "2014.12.30"]
[Round "9"]
[White "Burcu, Cagatay"]
[Black "De Groot, Hendrik"]
[Result "1/2-1/2"]
[WhiteElo "2149"]
[BlackElo "2097"]
[PlyCount "62"]
[EventDate "2014.12.21"]
[EventType "swiss"]
[EventRounds "9"]
[EventCountry "NED"]
[SourceTitle "EXT 2016"]
[Source "ChessBase"]
[SourceDate "2015.10.08"]
[SourceVersion "1"]
[SourceVersionDate "2015.10.08"]
[SourceQuality "1"]

1. d4 d6 2. e4 Nf6 3. Nc3 g6 4. Nf3 Bg7 5. Be2 0-0 6. 0-0 c6 7. h3 Qc7 8. a4 e5 9. dxe5 dxe5 10. Bc4 b6 11. Qe2 h6 12. Be3 Re8 13. Rad1 Be6 14. Bxe6 Rxe6 15. Qd2 h5 16. Qd8+ Qxd8 17. Rxd8+ Re8 18. Rfd1 Na6 19. Rxa8 Rxa8 20. Nxe5 Nxe4 21. Nxc6 Bxc3 22. bxc3 Nxc3 23. Ra1 Nd5 24. a5 Nxe3 25. fxe3 Kf8 26. Nxa7 bxa5 27. Nb5 Nb4 28. Nd4 Rc8 29. Rxa5 Nxc2 30. Kf2 Nxd4 31. exd4 Rc3 1/2-1/2

[Event "Groningen op-A 51st"]
[Site "Groningen"]
[Date "2013.12.27"]
[Round "6"]
[White "Maris, Ivo"]
[Black "De Groot, Hendrik"]
[Result "0-1"]
[WhiteElo "2161"]
[BlackElo "2063"]
[PlyCount "122"]
[EventDate "2013.12.21"]
[EventType "swiss"]
[EventRounds "9"]
[EventCountry "NED"]
[SourceTitle "CBM 158 Extra"]
[Source "ChessBase"]
[SourceDate "2014.02.28"]
[SourceVersion "1"]
[SourceVersionDate "2014.02.28"]
[SourceQuality "1"]

1. Nf3 Nf6 2. d4 b6 3. g3 Bb7 4. Bg2 e6 5. c4 Be7 6. 0-0 0-0 7. Nc3 d6 8. Qc2 Nbd7 9. Rd1 c5 10. b3 Rc8 11. d5 exd5 12. cxd5 a6 13. a4 b5 14. axb5 axb5 15. e4 Qb6 16. Bf1 Ba6 17. h3 Ra8 18. Be3 b4 19. Na4 Qb7 20. Nb2 Bxf1 21. Rxf1 Rxa1 22. Rxa1 Nb6 23. Nd2 Nfd7 24. Nbc4 f5 25. Bf4 fxe4 26. Bxd6 Bxd6 27. Nxd6 Qxd5 28. N2xe4 Rf3 29. Qe2 Qxb3 30. Nd2 Rxg3+ 31. Kf1 Qd3 32. fxg3 Qxd6 33. Ne4 Qe6 34. Kg2 c4 35. Rf1 Qc6 36. Kh2 h6 37. Ng5 Qg6 38. Nf7 Nf6 39. Nd6 c3 40. Nf5 Kh7 41. Qe5 Nbd5 42. g4 Qe8 43. Qxe8 Nxe8 44. Nd4 Nd6 45. Rb1 Nc4 46. Ne2 c2 47. Rb3 Na5 48. Rd3 b3 49. Nc1 Ne3 50. Kg3 Kg6 51. h4 Nec4 52. Rxb3 Nxb3 53. Nxb3 Kf6 54. Kf4 g5+ 55. hxg5+ hxg5+ 56. Kg3 Ke5 57. Nc5 Kd4 58. Nb3+ Kc3 59. Nc1 Ne5 60. Ne2+ Kd2 61. Nd4 c1Q 0-1

[Event "Groningen op-A 51st"]
[Site "Groningen"]
[Date "2013.12.26"]
[Round "5"]
[White "De Groot, Hendrik"]
[Black "Beukema, Stefan"]
[Result "0-1"]
[WhiteElo "2063"]
[BlackElo "2280"]
[PlyCount "92"]
[EventDate "2013.12.21"]
[EventType "swiss"]
[EventRounds "9"]
[EventCountry "NED"]
[SourceTitle "CBM 158 Extra"]
[Source "ChessBase"]
[SourceDate "2014.02.28"]
[SourceVersion "1"]
[SourceVersionDate "2014.02.28"]
[SourceQuality "1"]

1. d4 f5 2. Qd3 d5 3. g4 fxg4 4. h3 Nf6 5. hxg4 Bxg4 6. Bh3 Bxh3 7. Nxh3 Qd7 8. Ng5 Nc6 9. Bf4 e6 10. Nc3 0-0-0 11. 0-0-0 h6 12. Nf3 Ng4 13. Rdf1 Qf7 14. Bg3 Bd6 15. Rhg1 Bxg3 16. Rxg3 Nxf2 17. Qe3 Ne4 18. Nxe4 dxe4 19. Nd2 Qd7 20. Nxe4 Nxd4 21. c3 Qc6 22. Rg4 Qc4 23. Kb1 Nf5 24. Rxf5 Rd1+ 25. Kc2 Qa4+ 26. b3 Qxa2+ 27. Kxd1 exf5 28. Nd6+ cxd6 29. Qe6+ Kb8 30. Rxg7 Rc8 31. Qxd6+ Ka8 32. Rc7 Qxb3+ 33. Kd2 Qb2+ 34. Kd1 Rg8 35. Rg7 Qb1+ 36. Kd2 Qb2+ 37. Kd1 Re8 38. Re7 Qb1+ 39. Kd2 Qb2+ 40. Kd1 Rb8 41. Qd4 f4 42. Re5 a6 43. Ra5 Rc8 44. Qd5 Qb6 45. Kc2 Re8 46. Kd2 Qb2+ 0-1

[Event "Groningen op-A 51st"]
[Site "Groningen"]
[Date "2013.12.23"]
[Round "3"]
[White "De Groot, Hendrik"]
[Black "Donchenko, Alexander"]
[Result "0-1"]
[WhiteElo "2063"]
[BlackElo "2455"]
[PlyCount "70"]
[EventDate "2013.12.21"]
[EventType "swiss"]
[EventRounds "9"]
[EventCountry "NED"]
[SourceTitle "CBM 158 Extra"]
[Source "ChessBase"]
[SourceDate "2014.02.28"]
[SourceVersion "1"]
[SourceVersionDate "2014.02.28"]
[SourceQuality "1"]

1. Nf3 c5 2. g3 Nc6 3. Bg2 g6 4. 0-0 Bg7 5. e4 d6 6. d3 e5 7. Nc3 Nge7 8. Nh4 0-0 9. f4 exf4 10. Bxf4 h6 11. Nf3 Be6 12. Nb5 a6 13. Nc3 b5 14. Qd2 b4 15. Nd1 Kh7 16. c3 bxc3 17. bxc3 d5 18. e5 Qd7 19. d4 cxd4 20. cxd4 g5 21. Bxg5 hxg5 22. Nxg5+ Kg8 23. Qe2 Bg4 24. Qd2 f6 25. exf6 Bxf6 26. Nf2 Bxd4 27. Kh1 Bxa1 28. Rxa1 Qf5 29. Nxg4 Qxg4 30. Re1 Rf5 31. Ne6 Re5 32. Nc7 Qd4 33. Qc1 Rc8 34. Ne6 Rxe1+ 35. Qxe1 Qe4 0-1

[Event "Hoogeveen Unive op 15th"]
[Site "Hoogeveen"]
[Date "2011.10.22"]
[Round "9"]
[White "De Groot, Hendrik"]
[Black "Hoffman, Ron"]
[Result "0-1"]
[WhiteElo "1953"]
[BlackElo "2121"]
[PlyCount "100"]
[EventDate "2011.10.14"]
[EventType "swiss"]
[EventRounds "9"]
[EventCountry "NED"]
[SourceTitle "CBM 144 Extra"]
[Source "ChessBase"]
[SourceDate "2011.10.28"]
[SourceVersion "1"]
[SourceVersionDate "2011.10.28"]
[SourceQuality "1"]

1. Nf3 g6 2. c4 Bg7 3. Nc3 d6 4. e4 Nf6 5. d4 0-0 6. Be2 e5 7. dxe5 dxe5 8. Qxd8 Rxd8 9. Bg5 Nbd7 10. 0-0-0 Rf8 11. h3 c6 12. Be3 Re8 13. Nd2 Nf8 14. Nb3 Be6 15. Nc5 b6 16. Na6 Rec8 17. f3 Nh5 18. b3 Nd7 19. Kc2 Bf8 20. Rd2 Nf4 21. Bf1 Be7 22. h4 Nh5 23. Bf2 f5 24. Kb2 Nb8 25. c5 b5 26. Nb4 a5 27. Nd3 Nd7 28. exf5 gxf5 29. g4 Nf4 30. Nxf4 exf4 31. gxf5 Bxf5 32. Rg1+ Kf7 33. Ne4 Bxe4 34. Rxd7 Bf5 35. Rd1 Bf6+ 36. Kc1 a4 37. b4 Rd8 38. Be2 a3 39. Rd6 Bb2+ 40. Kd1 Rxd6+ 41. cxd6 Rd8 42. Bc5 Be5 43. Kc1 Bxd6 44. Rg5 Ke6 45. Bb6 Rb8 46. Bd4 Bxb4 47. Bd1 c5 48. Bb3+ c4 49. Bd1 Rd8 50. Bb6 Bd2# 0-1

[Event "NED-ch op U18"]
[Site "Enschede"]
[Date "2010.08.12"]
[Round "6"]
[White "De Groot, Hendrik"]
[Black "Manoch, Maurice"]
[Result "1-0"]
[WhiteElo "1758"]
[BlackElo "1765"]
[PlyCount "81"]
[EventDate "2010.08.09"]
[EventType "swiss"]
[EventRounds "9"]
[EventCountry "NED"]
[SourceTitle "CBM 137 Extra"]
[Source "ChessBase"]
[SourceDate "2010.09.01"]
[SourceVersion "1"]
[SourceVersionDate "2010.09.01"]
[SourceQuality "1"]

1. Nf3 Nf6 2. g3 g6 3. Bg2 Bg7 4. 0-0 0-0 5. c4 d6 6. Nc3 e5 7. d3 h6 8. Rb1 a5 9. a3 Nc6 10. b4 Nh5 11. b5 Ne7 12. e4 Qe8 13. Bb2 f5 14. d4 Be6 15. dxe5 dxe5 16. Nd5 Nxd5 17. exd5 Bd7 18. Nxe5 Bxe5 19. Re1 Qf7 20. Bxe5 Rae8 21. Bf3 f4 22. g4 Ng7 23. Qd4 b6 24. Re4 g5 25. Rbe1 Bc8 26. c5 bxc5 27. Qxc5 Bb7 28. Bxc7 Rxe4 29. Rxe4 Qxd5 30. Qxd5+ Bxd5 31. Bxa5 Bxe4 32. Bxe4 Ne8 33. Bd5+ Kg7 34. Bb4 Rh8 35. b6 Nf6 36. Bc6 Kf7 37. a4 Ke6 38. a5 Nd5 39. Bc5 Ne7 40. Bf3 Nd5 41. a6 1-0

[Event "NED-ch op U18"]
[Site "Enschede"]
[Date "2010.08.10"]
[Round "3"]
[White "Klapwijk, Bram"]
[Black "De Groot, Hendrik"]
[Result "1-0"]
[WhiteElo "2013"]
[BlackElo "1758"]
[PlyCount "35"]
[EventDate "2010.08.09"]
[EventType "swiss"]
[EventRounds "9"]
[EventCountry "NED"]
[SourceTitle "CBM 137 Extra"]
[Source "ChessBase"]
[SourceDate "2010.09.01"]
[SourceVersion "1"]
[SourceVersionDate "2010.09.01"]
[SourceQuality "1"]

1. d4 e5 2. dxe5 Qe7 3. Nc3 Nc6 4. g3 Nxe5 5. Bg2 c6 6. Nf3 d5 7. Nxe5 Qxe5 8. Bf4 Qe6 9. 0-0 Nf6 10. e4 dxe4 11. Nxe4 Nxe4 12. Bxe4 Bd7 13. Bc7 Bc5 14. Re1 Kf8 15. Bg2 Qf5 16. Bd6+ Bxd6 17. Qxd6+ Kg8 18. Rad1 1-0

[Event "Enschede op-A U18"]
[Site "Enschede"]
[Date "2009.08.05"]
[Round "5"]
[White "Beijen, Mark2222"]
[Black "De Groot, Hendrik"]
[Result "1-0"]
[WhiteElo "1544"]
[BlackElo "1578"]
[PlyCount "47"]
[EventDate "2009.08.03"]
[EventType "swiss"]
[EventRounds "9"]
[EventCountry "NED"]
[SourceTitle "CBM 132 Extra"]
[Source "ChessBase"]
[SourceDate "2009.11.03"]
[SourceVersion "1"]
[SourceVersionDate "2009.11.03"]
[SourceQuality "1"]

1. e4 d6 2. d4 Nf6 3. Nc3 g6 4. f4 Bg7 5. Nf3 c5 6. dxc5 Qa5 7. Bd2 Qxc5 8. Bb5+ Bd7 9. Bxd7+ Nfxd7 10. Qe2 Nc6 11. Na4 Qxc2 12. Bc3 Qxe2+ 13. Kxe2 0-0 14. Bxg7 Kxg7 15. Nc3 Rac8 16. Rad1 Nf6 17. e5 dxe5 18. fxe5 Ng4 19. Rd7 Rb8 20. Rhd1 Rfd8 21. h3 Nh6 22. Ne4 b6 23. Neg5 e6 24. Nxe6+ 1-0

[Event "Enschede op-A U18"]
[Site "Enschede"]
[Date "2009.08.04"]
[Round "2"]
[White "Van Akkeren, Arno"]
[Black "De Groot, Hendrik"]
[Result "1-0"]
[WhiteElo "1773"]
[BlackElo "1578"]
[PlyCount "39"]
[EventDate "2009.08.03"]
[EventType "swiss"]
[EventRounds "9"]
[EventCountry "NED"]
[SourceTitle "CBM 132 Extra"]
[Source "ChessBase"]
[SourceDate "2009.11.03"]
[SourceVersion "1"]
[SourceVersionDate "2009.11.03"]
[SourceQuality "1"]

1. e4 d6 2. d4 Nf6 3. Nc3 g6 4. f4 Bg7 5. Nf3 c5 6. dxc5 Qa5 7. Qd3 Qxc5 8. Be3 Qa5 9. h3 Nc6 10. Kf2 0-0 11. g4 Nb4 12. Qd2 d5 13. e5 Ne4+ 14. Nxe4 dxe4 15. Ng5 Rd8 16. Qc3 b6 17. Bc4 Rf8 18. a3 Nc6 19. b4 Qa4 20. Bb3 1-0